Music Quiz

Random Music or Artist Quiz

Great and Memorable Country Music Videos Quiz Stats

 Plays Quiz not verified by Sporcle

Challenge
Share
Tweet
Embed
Score 0/10 Timer 08:00
0 Plays Today
Description Music Video % Correct
A woman seeks revenge by beating up her ex's car and roaming the streets of Nashville in the late ours of the nightBefore He Cheats
91.1%
A woman explores the house she grew up in, where her favorite dog was buried and she learned to play guitar The House That Built Me
87.1%
Soldier and wife love eachother; soldier leaves for deployment; comes back to find wife with another man; they both die, but then come back to life at the endWhiskey Lullaby
85.5%
A mother is abused and burns her house to the ground; a little girl goes to a parade; comes back to find house burning with mother insideIndependence Day
74.2%
A girl who wears t-shirts, sneakers and glasses likes a boy that likes her back; boy has a girlfriend who wears short skirts and high heels; boy and glasses girl fall in loveYou Belong With Me
72.6%
A high school football player finds out he's expecting with his girlfriend; baby changes his life; baby grows up and leaves homeThere Goes My Life
62.1%
A bed in the middle of a desert; a woman is wrapped in the silk sheets on the bed throughout the dayBreathe
56.5%
A preacher's daughter falls in love with a boy with a motorcycle; runs off with himGod Love Her
46%
Highlights from important and groundbreaking events throughout history are playedThe Dance
44.4%
A man rides a horse through the desert in search of finding a certain womanMy Maria
38.7%

You're not logged in!

Compare scores with friends on all Sporcle quizzes.
OR
Log In

You Might Also Like...

Show Comments

Extras

Top Quizzes Today


Score Distribution

Your Account Isn't Verified!

In order to create a playlist on Sporcle, you need to verify the email address you used during registration. Go to your Sporcle Settings to finish the process.

Report this User

Report this user for behavior that violates our Community Guidelines.

Details: